000 00689nam a2200253Ia 4500
003 OSt
005 20221006143312.0
006 a|||||r|||| 00| 0
007 ta
008 221006b |||||||| |||| 00| 0 eng d
020 _c129.60
024 _a8,585
037 _cTextual
040 _aEASL
_cEASL
_beng
041 _2eng
_aeng
082 _aX8(A):8Mv42.N7, L3-;1
100 _aROBERTS Jhon G Au.
_9649605
245 0 _aMitsui
_b Three centuries of Japanese business
260 _aNew York
_bWeatherhill
_c1973
300 _a564p.
_ccm.
490 _v JEL
942 _hX8(A):8Mv42.N7, L3-;1
_cTEXL
_2CC
999 _c1076671
_d1076671